Phases finales de la Coupe du monde de rugby 1991. - Statistiques

Statistiques générales
  • Ce quiz a été pris 184 fois
  • Le résultat moyen est 7 sur 8
Statistiques - réponses
Nations % Correct
Nouvelle-Zélande
100%
France
100%
Angleterre
99%
Australie
99%
Écosse
96%
Irlande
96%
Samoa occidentales
72%
Canada
51%
Aucun quiz correspondant
Distribution des résultats
% des personnes avec chaque résultat
Percentile par nombre de réponses
Votre historique - résultats
Vous n’avez pas pris ce quiz